El verano del murciélago
Gespeichert in:
| 1. Verfasser: | |
|---|---|
| Format: | Buch |
| Sprache: | Spanisch |
| Veröffentlicht: |
Santiago
Sin Fronteras
1983
|
| Ausgabe: | 2a. ed |
| Schlagworte: | |
| Tags: |
Tag hinzufügen
Keine Tags, Fügen Sie den ersten Tag hinzu!
|
MARC
| LEADER | 00000nam a2200000 a 4500 | ||
|---|---|---|---|
| 001 | UCN3321 | ||
| 003 | CL-VaPUC | ||
| 008 | 010622e19830000CL |||||||||||||||||spa|d | ||
| 082 | 0 | 4 | |a Ch863 |b DEL |2 21 |
| 100 | |a Délano, Poli |e autor |9 316203 | ||
| 245 | 1 | 3 | |a El verano del murciélago |
| 250 | |a 2a. ed | ||
| 300 | |a 61 p | ||
| 942 | |c BK | ||
| 945 | |d 20010622 00:00:00 |a cmena | ||
| 260 | |a Santiago |b Sin Fronteras |c 1983 | ||
| 650 | 0 | |a Novelas chilenas |9 265425 | |
| 650 | 0 | |a Literatura chilena |9 308278 | |
| 583 | |a last modification |c 20010622 00:00:00 |k Rodrigo Vera | ||
| 999 | |c 296244 |d 296242 | ||
| 952 | |0 0 |1 0 |4 0 |6 CH_863_000000000000000_DEL_1983 |7 0 |8 A |9 349881 |a BIBEDU |b BIBEDU |d 2019-11-20 |i 3735400 |o Ch863 DEL 1983 |p 3735400 |r 2019-11-20 |w 2019-11-20 |y BK |k LIT | ||